An inventory of the furniture and other effects in Westbrook House Godalming the property of G. I. Hull Esq. as let to John Holms Esq. M.P. from 24th July to 25 Sept. 1872 (Record no. 116563)
[ view plain ]
| 000 -LEADER | |
|---|---|
| fixed length control field | 00799ctm a22002175a 4500 |
| 001 - CONTROL NUMBER | |
| control field | L141062 |
| 008 - FIXED-LENGTH DATA ELEMENTS--GENERAL INFORMATION | |
| fixed length control field | 071026s1872 xxk eng u |
| 035 ## - SYSTEM CONTROL NUMBER | |
| System control number | (Sirsi) u141062 |
| 041 0# - LANGUAGE CODE | |
| Language code of text/sound track or separate title | eng |
| 100 1# - MAIN ENTRY--PERSONAL NAME | |
| Personal name | Collier, J. C. |
| 245 03 - TITLE STATEMENT | |
| Title | An inventory of the furniture and other effects in Westbrook House Godalming the property of G. I. Hull Esq. as let to John Holms Esq. M.P. from 24th July to 25 Sept. 1872 |
| Medium | [manuscript] |
| 260 ## - PUBLICATION, DISTRIBUTION, ETC. | |
| Date of publication, distribution, etc. | 1872 |
| 300 ## - PHYSICAL DESCRIPTION | |
| Extent | 77 p. |
| Dimensions | 18 cm. + |
| Accompanying material | 2 sheets (25 x 20 cm.) |
| 340 ## - PHYSICAL MEDIUM | |
| Material base and configuration | Manuscript |
| 351 ## - ORGANIZATION AND ARRANGEMENT OF MATERIALS | |
| Hierarchical level | Single item |
| 500 ## - GENERAL NOTE | |
| General note | Item is in a fragile condition. |
| 500 ## - GENERAL NOTE | |
| General note | Item is accompanied by a letter from the donor dated 16 November 1964, and an acknowledgement letter of 18 November 1964. |
| 651 4# - SUBJECT ADDED ENTRY--GEOGRAPHIC NAME | |
| Geographic name | Surrey |
| 690 ## - LOCAL SUBJECT ADDED ENTRY--TOPICAL TERM (OCLC, RLIN) | |
| Topical term or geographic name as entry element | PROPERTY |
| 942 ## - ADDED ENTRY ELEMENTS (KOHA) | |
| Suppress in OPAC | 0 |
| Withdrawn status | Lost status | Source of classification or shelving scheme | Damaged status | Not for loan | Home library | Current library | Shelving location | Date acquired | Total Checkouts | Full call number | Barcode | Date last seen | Copy number | Price effective from | Koha item type |
|---|---|---|---|---|---|---|---|---|---|---|---|---|---|---|---|
| Dewey Decimal Classification | London | London | Basement | 26/10/2007 | BASEMENT BOX 4 | 141062-1001 | 06/08/2019 | 1 | 06/08/2019 | Archive |